Vybrané charakteristiky transformácie religiozity na Slovensku v rokoch 1950-2001 vo vzťahu k sekularizácii

Podrobná bibliografia
Hlavný autor: Majo, Juraj (Author)
Médium: Článok
Jazyk:Slovak
Témy:
Zdroj: 1. Geografický časopis 1. Roč. 65, č. 3 (2013), s. 217-234 1. 0016-7193
LEADER 01209nab#a2200445#ar4500
001 000113421
003 SVKKK
005 20140801093851.0
008 140801c2013 xo |||||||||||||||b|slo
FMT
015 |a SNBRB2014/08 
038 |a SVKKK 
040 |a SVKKK  |b slo  |e AACR2 
041 0 |a slo  |b eng 
044 |a xo  |c SK 
080 |a 2  |2 2008 
080 |a 2-6  |2 2008 
100 1 |a Majo, Juraj  |4 aut 
245 1 0 |a Vybrané charakteristiky transformácie religiozity na Slovensku v rokoch 1950-2001 vo vzťahu k sekularizácii  |c Juraj Majo 
246 3 1 |a Some characteristics of the secularizing process in Slovakia (1950 vs. 2001) 
300 |b Obr., tab. 
504 |a Bibliogr. odkazy 
546 |a Res. angl. 
648 0 4 |a 1950-2001 
650 0 4 |a religiozita 
650 0 4 |a sekularizácia 
650 0 4 |a socializmus 
650 0 4 |a priestor mesta 
650 0 4 |a priestor vidieka 
651 4 |a Slovensko 
773 0 |t Geografický časopis  |g Roč. 65, č. 3 (2013), s. 217-234  |x 0016-7193 
958 |a NB 
958 |a SK 
974 |a Va 
992 |a RBX 
BAS
856 4 1 |a http://www.sav.sk/journals/uploads/01091048Majo.pdf 
852 |a SVKKK  |b BIB 
EXP
998 |a SLO